| STA | |a MIBE-2024 |
| STA | |a REPO-ECBU |
| FMT | BK |
| LDR | nab 22 i 4500 |
| 001 | 000475912 |
| 005 | 20240919102710.0 |
| 006 | m d |
| 007 | cr nuu---uuuuu |
| 008 | 240910s2024 sp a fs 000 0 eng d |
| 0247 | |a 10.53479/37636 |2 doi |
| 040 | |a ES-MaBBE |
| 084 | |a E31 |
| 084 | |a E66 |
| 084 | |a R11 |
| 098 | |a E1 |e Renta, empleo y precios |
| 1001 | |a Fernández-Cerezo, Alejandro |
| 24510 | |a Regional heterogeneity in recent inflation developments in Spain |h [Recurso electrónico] / |c Alejandro Fernández Cerezo, Matías Pacce and Isabel Sánchez. |
| 250 4 | |a 03/09/2024 |
| 300 | |a 12 p. |
| 500 | |a Artículo de revista |
| 506 | |a Acceso público y gratuito a la versión electrónica en Internet |
| 5203 | |a Rationale Inflation has recently performed heterogeneously across Spain’s different regions. This article provides a detailed analysis of such heterogeneity and looks at some of its main determinants. Takeaways •Between June 2019 and June 2024, cumulative inflation for the Spanish economy as a whole amounted to 18.9%. •Cumulative inflation has varied appreciably across regions. Castile-La Mancha and Galicia were the regions with the highest cumulative inflation in this period (21.2% and 20.4%, respectively), while Madrid and Catalonia recorded the lowest relative price rises (17.1% and 18.1%, respectively). •Heterogeneity in regional inflation rates, something that is also seen in other European countries, has essentially reflected the cross-regional differences in the composition of household consumption baskets. [Resumen de autor] |9 [eng] |
| 651 4 | |a España |
| 650 4 | |a Inflación |
| 650 4 | |a Economía regional |
| 65310 | |a Inflationary process |
| 65310 | |a Underlying inflation |
| 65310 | |a Energy shocks |
| 7001 | |a Pacce, Matías |
| 7001 | |a Sánchez, Isabel |
| 7102 | |a Banco de España. |b Dirección General de Economía y Estadística |
| 7730 | |t Economic Bulletin / Banco de España [Artículos] |g 2024/Q3, 08 |x 1695-9086 |
| 85641 | |u https://repositorio.bde.es/handle/123456789/37636 |x 2330e5c1-8760-4b82-ba1d-8ba32ec6eb7e |z Ver en el Repositorio Institucional |
| LKR | |a PAR |b 000475903 |l NSB01 |n Versión en español |m Versión en inglés |
| TYP | |a Artículo |
| TYP | |a Recurso electronico |
| TYP | |a EL |b Acceso |
| SYS | 000475912 |
2013 Banco de España, Madrid, España. Reservados todos los derechos
Basado en Ex Libris (© 2009 Ex Libris)